|
|
|
|
| LEADER |
01005nam a22002537a 4500 |
| 005 |
20150922020002.0 |
| 008 |
130817r20122010naua||| b||| 001 0 eng d |
| 020 |
|
|
|a 0070671559
|
| 020 |
|
|
|a 9870070671553
|
| 040 |
|
|
|a BD-DhAAL
|c BD-DhAAL
|
| 082 |
|
|
|2 22
|a 621.382/4
|
| 100 |
|
|
|a Kraus, John D.
|9 2618
|
| 245 |
|
|
|a Antennas and wave propagation /
|c John D Kraus, Ronald J. Marhefka and Ahmad S Khan
|
| 250 |
|
|
|a 4th ed.
|
| 260 |
|
|
|a New York ;
|a New Delhi :
|b Tata McGrow Hill
|c 2010 [Eighth reprint 2012]
|
| 300 |
|
|
|a xxiii, 906 p. :
|b ill. ;
|c 24 cm.
|
| 500 |
|
|
|a Includes bibliographical references and index.
|
| 650 |
|
|
|a Antennas (Electronics)
|9 2619
|
| 700 |
|
|
|a Marhefka, Ronald J.
|9 2620
|
| 700 |
|
|
|a Khan, Ahmad S.
|9 2621
|
| 541 |
|
|
|e 19693
|
| 942 |
|
|
|2 ddc
|c BK
|0 1
|
| 999 |
|
|
|c 13835
|d 13835
|
| 952 |
|
|
|0 0
|1 0
|2 ddc
|4 0
|6 621_382400000000000_KRA
|7 0
|9 23151
|a BRACUL
|b BRACUL
|c GEN
|d 2013-08-17
|e Replacement copy. Main Copy was 3rd ed.
|l 5
|m 81
|o 621.3824 KRA
|p 3010019693
|r 2026-03-30
|s 2025-10-29
|t 1
|w 2013-08-17
|y BK
|